Alexander von Humblot. Biographie eines grossen Forschungsreisende
Guardat en:
| Autor principal: | |
|---|---|
| Format: | Llibre |
| Publicat: |
München, Deutschland:
Preste,
1974.
|
| Matèries: | |
| Etiquetes: |
Afegir etiqueta
Sense etiquetes, Sigues el primer a etiquetar aquest registre!
|
MARC
| LEADER | 00000nam a22000007a 4500 | ||
|---|---|---|---|
| 003 | CL-VaPUC | ||
| 005 | 20220822114644.0 | ||
| 008 | 220719t1974 ||||| |||| 00| 0 eng d | ||
| 999 | |c 437231 |d 437229 | ||
| 020 | |a 3 7913 00857 | ||
| 040 | |c Pontificia Universidad Católica de Valparaíso | ||
| 082 | 7 | |a 500.92 BOT 1974 |2 22 | |
| 100 | |a Botting, Douglas |9 389162 |e author | ||
| 245 | |a Alexander von Humblot. |b Biographie eines grossen Forschungsreisende | ||
| 260 | |a München, Deutschland: |b Preste, |c 1974. | ||
| 300 | |a 401 páginas. | ||
| 500 | |a c.1 Donación Familia Prof. Alejandro Guzmán Brito. | ||
| 583 | |c 20220719 |k Cristina María Rojas Aguilar | ||
| 600 | 0 | |a Humbolt, Alexander von |9 563480 |x Biografía. | |
| 650 | |a Naturalistas |x Alemania |9 873320 | ||
| 942 | |2 ddc |c BK |n 0 | ||
| 952 | |0 0 |1 0 |2 ddc |4 0 |6 500_920000000000000_BOT_1974 |7 0 |8 C_AGB |9 584989 |a BIBDER |b BIBDER |d 2022-07-19 |e Donación |i 5653061 |o 500.92 BOT 1974 |p 5653061 |r 2023-01-25 |t 1 |w 2022-07-19 |y BK_US |k AGB | ||